Statistics for Civs In Civilization Games

Click here to take the quiz!

General Stats

  • This quiz has been taken 37 times
    (26 since last reset)
  • The average score is 43 of 68

Answer Stats

CivilizationFirst Game% Correct
AmericanCivilization
100%
FrenchCivilization
100%
JapaneseCivilization
100%
RussianCivilization
100%
AztecCivilization
93%
ChineseCivilization
93%
SpanishCivilization II
93%
AustralianCivilization VI
87%
BabylonianCivilization
87%
CanadianCivilization VI
87%
EgyptianCivilization
87%
EnglishCivilization
87%
GreekCivilization
87%
IncanCivilization IV
87%
IndianCivilization
87%
RomanCivilization
87%
BrazilianCivilization V
80%
GermanCivilization
80%
KoreanCivilization III
80%
MayanCivilization III
80%
MongolianCivilization
80%
PolishCivilization V
80%
PortugueseCivilization III
80%
HungarianCivilization VI
73%
MalianCivilization IV
73%
NorwegianCivilization VI
73%
OttomanCivilization III
73%
SwedishCivilization VI
73%
ZuluCivilization
73%
AustrianCivilization V
67%
Celt/CelticCivilization II
67%
DanishCivilization V
67%
Dutch/NetherlandsCivilization III
67%
EthiopiaCivilization IV
67%
IndonesianCivilization V
67%
PersianCivilization II
67%
ScottishCivilization VI
67%
VietnameseCivilization VI
67%
ArabianCivilization III
60%
ByzantineCivilization III
60%
CreeCivilization VI
60%
MorroccanCivilization V
60%
PolynesianCivilization V
60%
SumerianCivilization III
60%
AssyrianCivilization V
53%
GeorgianCivilization VI
53%
MacedonianCivilization VI
53%
ScythianCivilization VI
53%
SiameseCivilization V
53%
CarthaginianCivilization II
47%
Gran ColombianCivilization VI
47%
KongoleseCivilization VI
47%
MāoriCivilization VI
47%
NubianCivilization VI
47%
SonghaiCivilization V
47%
VikingCivilization II
47%
MapucheCivilization VI
40%
HunnicCivilization V
33%
Native AmericanCivilization IV
33%
ShoshoneCivilization V
33%
SiouxCivilization II
33%
HittiteCivilization III
27%
VenetianCivilization V
27%
GallicCivilization VI
13%
Holy RomeCivilization IV
7%
IriquoisCivilization III
7%
KhemerCivilization IV
7%
PhoenecianCivilization VI
7%

Score Distribution

Percentile by Number Answered

Percent of People with Each Score

Your Score History

You have not taken this quiz since the last reset